000 00378nam a2200133Ia 4500
008 231129s1979||||xx |||||||||||||| ||spa||
040 _bspa
082 _a616.24 V436f
100 _aVélez A. Hernán
245 0 _aFundamentos de medicina: neumologí­a
260 _c1979
264 _aMedellí­n Colombia : Corporación para Investigación Biológicas
942 _2ddc
_cBKS
999 _c14273
_d14273